Loading...
| History - World | 1 | 6 | 1 | 0 | 70 | 51 | 82.29 | 6 | 7 | 0.00 | 0.00 |
| History - Other | 1 | 5 | 0 | 2 | 65 | 55 | 94.83 | 3 | 6 | 0.00 | 0.00 |
| Literature - World | 2 | 3 | 0 | 0 | 60 | 62 | 81.80 | 4 | 5 | 0.00 | 0.00 |
| History - American | 0 | 6 | 1 | 0 | 55 | 73 | 96.67 | 2 | 6 | 0.00 | 0.00 |
| Literature - European | 2 | 3 | 1 | 0 | 55 | 76 | 95.60 | 5 | 5 | 0.00 | 0.00 |
| Literature - American | 1 | 4 | 0 | 0 | 55 | 44 | 102.20 | 1 | 5 | 0.00 | 0.00 |
| History - European | 2 | 2 | 0 | 0 | 50 | 54 | 84.00 | 1 | 4 | 0.00 | 0.00 |
| Religion | 0 | 4 | 0 | 1 | 40 | 88 | 118.50 | 2 | 4 | 0.00 | 0.00 |
| Literature - British | 1 | 3 | 2 | 0 | 35 | 31 | 89.00 | 2 | 4 | 0.00 | 0.00 |
| Fine Arts - Other | 0 | 3 | 0 | 0 | 30 | 98 | 114.67 | 0 | 3 | 0.00 | 0.00 |
| Fine Arts - Visual | 0 | 3 | 1 | 1 | 25 | 89 | 115.67 | 1 | 3 | 0.00 | 0.00 |
| Mythology | 0 | 2 | 0 | 0 | 20 | 95 | 95.00 | 2 | 2 | 0.00 | 0.00 |
| Science - Physics | 0 | 2 | 1 | 0 | 15 | 95 | 96.50 | 0 | 2 | 0.00 | 0.00 |
| Science - Other | 1 | 0 | 0 | 0 | 15 | 49 | 49.00 | 1 | 1 | 0.00 | 0.00 |
| Social Science | 0 | 1 | 0 | 1 | 10 | 119 | 119.00 | 0 | 1 | 0.00 | 0.00 |
| Other Academic | 0 | 1 | 0 | 0 | 10 | 94 | 94.00 | 1 | 1 | 0.00 | 0.00 |
| Pop Culture | 0 | 1 | 0 | 0 | 10 | 92 | 92.00 | 0 | 1 | 0.00 | 0.00 |
| Auditory Fine Arts (1900-1970) | 0 | 0 | 1 | 0 | -5 | 0.00 | 0 | 0 | 0.00 | 0.00 |